[Event "13th Pannonia Cup"]
[Site "Balatonalmadi HUN"]
[Date "2008.08.02"]
[Round "6"]
[White "Zentai,P2"]
[Black "Huszar,Ri"]
[Result "1-0"]
[WhiteElo "2181"]
[BlackElo "2052"]

1.d4 Nf6 2.c4 Nc6 3.Nf3 e6 4.Nc3 Bb4 5.Qc2 Bxc3+ 6.Qxc3 Ne4 7.Qc2 f5 8.b3 Qe7
9.a3 O-O 10.g3 d5 11.Bg2 Bd7 12.O-O Be8 13.Bb2 Bh5 14.Rfe1 Qf7 15.Nd2 Qg6
16.f3 Ng5 17.Rac1 Rad8 18.e3 Qh6 19.b4 Bg6 20.Qd1 Nh3+ 21.Bxh3 Qxh3 22.Qe2 Bh5
23.cxd5 exd5 24.b5 Ne7 25.Rxc7 Rde8 26.Qf1 Qxf1+ 27.Kxf1 a6 28.a4 Rc8 29.Rxe7 Rc2
30.Bc1 Rfc8 31.b6 Rxc1 32.Rxc1 Rxc1+ 33.Ke2 Rc8 34.Rxb7 Be8 35.Ra7 Bxa4 36.b7 Bb5+
37.Kf2  1-0

[Event "12th HZ Open"]
[Site "Vlissingen NED"]
[Date "2008.08.05"]
[Round "5"]
[White "Bach,Mat"]
[Black "Riemens,A"]
[Result "1/2-1/2"]
[WhiteElo "2272"]
[BlackElo "2140"]

1.d4 Nf6 2.c4 Nc6 3.f4 e6 4.Nc3 Bb4 5.Bd2 Nxd4 6.e4 d5 7.Nf3 Nxf3+ 8.Qxf3 e5
9.f5 Qe7 10.g4 Bxc3 11.Bxc3 h6 12.h4 Nd7 13.O-O-O b6 14.Bd3 Nc5 15.Bc2 a5
16.b3 g6 17.Bd2 gxf5 18.gxf5 Qf6 19.Rdg1 Ne6 20.Be3 Bb7 21.Qh5 Nf4 22.Qf3 O-O-O
23.Rg4 Rhg8 24.Rhg1 Qh8 25.Kb1 Bc6 26.h5 Rxg4 27.Qxg4 Qf6 28.Bxf4  1/2-1/2

[Event "Mercosur Cup"]
[Site "Villa Martelli ARG"]
[Date "2008.08.06"]
[Round "10"]
[White "Slipak,S"]
[Black "Bachmann,Ax"]
[Result "1/2-1/2"]
[WhiteElo "2439"]
[BlackElo "2511"]

1.d4 Nf6 2.c4 Nc6 3.Nf3 e6 4.Nc3 Bb4 5.e3 O-O 6.Bd3 d6 7.O-O Bxc3 8.bxc3 e5
9.Qc2 Qe7 10.Ng5 h6 11.Ne4 Nxe4 12.Bxe4 Na5 13.c5 f5 14.Bd5+ Be6 15.c4 c6
16.cxd6 Qxd6 17.Ba3 Qxa3 18.Bxe6+ Kh8 19.dxe5 Rae8 20.Bxf5 Rxe5 21.Bd3 Rc5
22.Qe2 Qc3 23.Rac1 Qf6 24.f4 Re8 25.Kh1 b6 26.e4 g5 27.Qh5 Rd8 28.e5 Qg7
29.Rcd1 gxf4 30.Bf5 Rg8 31.Qh3 Qg5 32.Rd6 h5 33.Rxf4 Rxe5 34.g3 Nxc4 35.Rxc4 Qxf5
36.Qxf5  1/2-1/2

[Event "12th HZ Open"]
[Site "Vlissingen NED"]
[Date "2008.08.08"]
[Round "8"]
[White "Rademakers,M"]
[Black "Riemens,A"]
[Result "1/2-1/2"]
[WhiteElo "1962"]
[BlackElo "2140"]

1.d4 Nf6 2.c4 Nc6 3.Nf3 e6 4.Bg5 d6 5.Nc3 h6 6.Bxf6 Qxf6 7.e3 g5 8.Bd3 Bg7
9.h4 g4 10.Nd2 h5 11.a3 a6 12.Qb3 Rb8 13.Qc2 Bd7 14.Nde4 Qe7 15.f4 Nd8 16.O-O-O b5
17.Qb3 f5 18.Ng3 Qf7 19.cxb5 axb5 20.a4 b4 21.Nb5 O-O 22.Kb1 Bc6  1/2-1/2

[Event "Abkhasian Open"]
[Site "Sukhumi GEO"]
[Date "2008.08.09"]
[Round "7"]
[White "Lebedev,S1"]
[Black "Taysayev,T"]
[Result "1/2-1/2"]
[WhiteElo "2325"]
[BlackElo "2164"]

1.d4 Nf6 2.c4 Nc6 3.Nf3 e6 4.g3 Bb4+ 5.Bd2 Bxd2+ 6.Qxd2 d6 7.d5 Ne7 8.dxe6 Bxe6
9.Na3 d5 10.Rd1 O-O 11.Bg2 dxc4 12.Qc2 Qe8 13.Ng5 Bf5 14.Qxc4 h6 15.Nf3 Ned5
16.Rxd5 Nxd5 17.Qxd5 Be6 18.Qd2 Bxa2  1/2-1/2

[Event "12th HZ Open"]
[Site "Vlissingen NED"]
[Date "2008.08.09"]
[Round "9"]
[White "Akesson,R"]
[Black "Colijn,S"]
[Result "1-0"]
[WhiteElo "2481"]
[BlackElo "2107"]

1.d4 Nf6 2.c4 Nc6 3.Nf3 e6 4.a3 d6 5.Nc3 g6 6.e4 Bg7 7.Be2 O-O 8.O-O e5 9.d5 Ne7
10.Ne1 Ne8 11.g4 f5 12.f3 Nf6 13.Ng2 c5 14.b4 b6 15.Rb1 Qd7 16.h3 h5 17.g5 Nh7
18.h4 fxe4 19.fxe4 Rxf1+ 20.Bxf1 Qh3 21.Rb3 Bg4 22.Qd3 Qxd3 23.Bxd3 cxb4
24.axb4 Rf8 25.Ne1 Rf7 26.c5 dxc5 27.bxc5 Nc8 28.Bc4 Kf8 29.Ba3 Ke8 30.d6 Rf4
31.Bb5+ Bd7  1-0

[Event "Acropolis Open"]
[Site "Athens GRE"]
[Date "2008.08.15"]
[Round "7"]
[White "Galopoulos,N"]
[Black "Astaneh Lopez,A"]
[Result "0-1"]
[WhiteElo "2270"]
[BlackElo "2357"]

1.d4 Nf6 2.c4 Nc6 3.Nf3 d6 4.d5 Ne5 5.Nxe5 dxe5 6.Nc3 e6 7.g3 exd5 8.cxd5 Be7
9.Bg2 O-O 10.O-O Ne8 11.f4 exf4 12.Bxf4 Bg5 13.e4 Bxf4 14.gxf4 Qh4 15.Qd3 Nd6
16.Rac1 Rd8 17.e5 Nf5 18.Ne4 Be6 19.Nc5 Bc8 20.Nb3 Qg4 21.Kh1 Nh4 22.Be4 Bf5
23.Rf2 Rac8 24.Bxf5 Qxf5 25.Qd4 b6 26.a4 Rd7 27.Rg1 Rcd8 28.Rg5 Qb1+ 29.Rg1 Qa2
30.e6 fxe6 31.Qc3 Qxa4 32.Nd4 c5 33.dxc6 Rxd4 34.c7 Rc8 35.Rd2 Nf5 36.b3 Qd7  0-1

[Event "X Sants Open"]
[Site "Barcelona ESP"]
[Date "2008.08.22"]
[Round "1"]
[White "Chalmeta Ugas,J"]
[Black "Fier,A"]
[Result "0-1"]
[WhiteElo "2117"]
[BlackElo "2558"]

1.d4 Nf6 2.c4 Nc6 3.Nf3 e6 4.Nc3 Bb4 5.Qc2 d5 6.a3 Bxc3+ 7.Qxc3 Ne4 8.Qc2 Qf6
9.e3 Qg6 10.b4 Ng5 11.Qd1 Nxf3+ 12.Qxf3 dxc4 13.Bd2 e5 14.d5 Ne7 15.Bxc4 Bf5
16.Bb5+ Kf8 17.Qg3 Qxg3 18.hxg3 Nxd5 19.Rc1 c6 20.Ba4 a6 21.f3 Be6 22.Bc2 h6
23.e4 Nb6 24.Bd3 f6 25.Be3 Nd7 26.Ke2 Ke7 27.Rhd1 Rhc8 28.Rd2 a5 29.Rb2 axb4
30.axb4 Ra4 31.Kd2 Rca8 32.Rcc2 Kd6 33.Be2 Ra2 34.Rxa2 Bxa2 35.Rc3 Be6 36.Bd1 Ra2+
37.Rc2 Ra8 38.Rc3 Kc7 39.Rc1 Nb6 40.Be2 Bb3 41.Rc3 Ra2+ 42.Ke1 Be6 43.b5 Ra1+
44.Kd2 Na4 45.Rc1 Rxc1 46.Kxc1 Nc3 47.Kd2 Nxe2 48.Kxe2 Bc4+ 49.Kd2 Bxb5 50.Bc5 Bf1
51.Bf8 Bxg2 52.Ke3 g6 53.Bxh6 Kd7 54.Bg7 Ke7 55.f4 exf4+ 56.gxf4 Ke6 57.Bf8 b6
58.Bb4 f5 59.exf5+ gxf5 60.Bf8 Kd5 61.Kd3 c5 62.Kc3 b5 63.Be7 b4+ 64.Kb3 Kc6
65.Kc4 Bf1+ 66.Kb3 Kb5 67.Kb2 c4 68.Bf6 c3+ 69.Kb3 Be2 70.Be7 Bd1+ 71.Ka2 b3+
72.Kb1 Bf3  0-1

[Event "44th Rubinstein Mem Open A"]
[Site "Polanica Zdroj POL"]
[Date "2008.08.23"]
[Round "5"]
[White "Gralka,J"]
[Black "Bebel,A"]
[Result "1-0"]
[WhiteElo "2268"]
[BlackElo "2187"]

1.d4 Nf6 2.c4 Nc6 3.Nf3 e6 4.Nc3 Bb4 5.Qc2 d6 6.a3 Bxc3+ 7.Qxc3 a5 8.b3 O-O
9.g3 Qe7 10.Bg2 Re8 11.O-O h6 12.Bb2 e5 13.d5 Nd8 14.Nd2 b6 15.e4 Nb7 16.b4 h5
17.f4 axb4 18.axb4 Rxa1 19.Bxa1 h4 20.Bb2 hxg3 21.hxg3 Ng4 22.Nf3 Qf6 23.f5 Qh6
24.Bc1 Qh5 25.Nh4 Rf8 26.Qf3 Nf6 27.Qxh5 Nxh5 28.g4 Nf6 29.g5 Nd7 30.Be3 Nd8
31.Ra1 c5 32.bxc5 bxc5 33.Nf3 Nb6 34.Nd2 Nb7 35.Ra7 Rd8 36.Bf1 Kf8 37.Nb1 Ke7
38.Nc3 Rh8 39.Kg2 g6 40.Ra6 Nd7 41.Be2 Rh4 42.Bf2 Rh8 43.Nb5 f6 44.fxg6 Nb8
45.Rb6 Nd7 46.Rc6 Rg8 47.Bg4 Na5 48.gxf6+ Kxf6 49.Rxd6+ Kg5 50.Bxd7 Bxd7
51.Rxd7 Rxg6 52.Rf7 Nxc4 53.Bxc5 Ra6 54.d6 Ra2+ 55.Rf2  1-0

[Event "U16 Olympiad"]
[Site "Mersin TUR"]
[Date "2008.08.24"]
[Round "10"]
[White "Auckland,E"]
[Black "Priyadharshan,K"]
[Result "0-1"]
[WhiteElo "1990"]
[BlackElo "2297"]

1.d4 Nf6 2.c4 Nc6 3.Nf3 e6 4.Qc2 Bb4+ 5.Bd2 Bxd2+ 6.Nbxd2 d6 7.e4 e5 8.d5 Nb8
9.b4 a5 10.b5 Nbd7 11.a4 Nc5 12.Bd3 Nh5 13.g3 O-O 14.Nb3 Nxd3+ 15.Qxd3 f5
16.Nfd2 Qg5 17.Qe2 Qg6 18.f3 Nf6 19.exf5 Bxf5 20.g4 Bc2 21.h3 e4 22.Nd4 exf3
23.Qxf3 Nd7 24.Qg2 Rae8+ 25.Ne6 Nc5 26.Nf3 Rxf3 27.Qxf3 Be4 28.Qc3 Bxh1 29.O-O-O Nxe6
30.dxe6 Be4 31.Qxa5 Qxe6 32.Qxc7 Qe5 33.Qa5 Qxb5 34.Kd2  0-1

[Event "II ROMGAZ Open"]
[Site "Bucharest ROU"]
[Date "2008.09.12"]
[Round "2"]
[White "Jianu,V"]
[Black "Matei,F"]
[Result "1-0"]
[WhiteElo "2522"]
[BlackElo "2196"]

1.d4 Nf6 2.c4 Nc6 3.Nf3 e6 4.g3 Bb4+ 5.Nbd2 O-O 6.Bg2 Re8 7.O-O a5 8.a3 Bxd2
9.Bxd2 d6 10.Qc2 e5 11.d5 Nb8 12.b4 axb4 13.axb4 Rxa1 14.Rxa1 Bg4 15.h3 Bxf3
16.Bxf3 e4 17.Bg2 Nbd7 18.Be3 c6 19.dxc6 bxc6 20.Ra6 Qc8 21.Qa4 Ne5 22.Bd4 Qe6
23.Bxe5 Qxe5 24.Qxc6 e3 25.f4 Qd4 26.Ra8 Kf8 27.c5 Qd1+ 28.Kh2 Rxa8 29.Qxa8+ Ke7
30.Qb7+ Ke6 31.c6 Qc2 32.c7  1-0

[Event "4th ch-EU"]
[Site "Liverpool ENG"]
[Date "2008.09.13"]
[Round "5"]
[White "Limontaite,S"]
[Black "Carleton,J"]
[Result "0-1"]
[WhiteElo "2200"]
[BlackElo "2305"]

1.d4 Nf6 2.c4 Nc6 3.Nf3 e6 4.a3 d6 5.Nc3 g6 6.e4 Bg7 7.Be2 O-O 8.d5 Ne7 9.O-O e5
10.Ne1 Nd7 11.Be3 f5 12.f3 f4 13.Bf2 g5 14.b4 Nf6 15.c5 h5 16.Rc1 g4 17.Kh1 Bd7
18.a4 g3 19.hxg3 fxg3 20.Bxg3 Ng6 21.Bh2 Bh6 22.Rc2 h4 23.f4 Nxf4 24.Bf3 Qe8
25.g3 Ng6 26.Nd3 Ng4 27.Bxg4 Rxf1+ 28.Qxf1 Bxg4 29.cxd6 cxd6 30.Nb5 Qe7 31.gxh4 a6
32.Qg2 Bh5 33.Nc7 Rc8 34.Ne6 Rxc2 35.Qxc2 Qxh4 36.Qg2 Qf6 37.Kg1 Be3+ 38.Nf2 Ba7
39.Kf1 Kf7 40.Bg3 Nf4 41.Qh2 Bxf2 42.Bxf4 Bh4 43.Ng5+ Kg6 44.Qxh4 exf4  0-1

[Event "IV Geller Memorial"]
[Site "Odessa UKR"]
[Date "2008.09.15"]
[Round "7"]
[White "Garifulin,A"]
[Black "Shilin,D"]
[Result "0-1"]
[WhiteElo "2288"]
[BlackElo "2393"]

1.d4 Nf6 2.c4 Nc6 3.Nf3 e6 4.a3 d6 5.Nc3 Be7 6.g3 O-O 7.Bg2 Nd7 8.O-O e5
9.d5 Ncb8 10.e4 a5 11.Be3 Na6 12.b4 Nb6 13.Qb3 f5 14.c5 f4 15.Bd2 a4 16.Qa2 Nd7
17.c6 Nb6 18.Rad1 Kh8 19.cxb7 Bxb7 20.gxf4 exf4 21.Nd4 Bc8 22.f3 Bf6 23.Nce2 Be5
24.Nc6 Qe8 25.Nxe5 dxe5 26.Nc3 Rf6 27.Rf2 Rh6 28.Be1 Bd7 29.Qe2 Nc8 30.Bf1 Nd6
31.Rc1 Qh5 32.Qb2 Nf7 33.Kh1 Ng5 34.Qe2 Rb8 35.Qd1 Rbb6 36.Rcc2 Rbg6 37.d6 Rxd6
38.Nd5 Nxe4 39.Bxa6 Nxf2+ 40.Rxf2 Rxa6 41.Nxf4 Qf5 42.Ng2 Rad6 43.Qe2 Bc6
44.Bc3 Rh5 45.Ne3 Qd3 46.Qe1 Rf6  0-1

[Event "4th ch-EU"]
[Site "Liverpool ENG"]
[Date "2008.09.18"]
[Round "10"]
[White "Benson,O"]
[Black "Carleton,J"]
[Result "0-1"]
[WhiteElo "1852"]
[BlackElo "2305"]

1.d4 Nf6 2.c4 Nc6 3.Nc3 e5 4.d5 Ne7 5.Nf3 Ng6 6.e4 Bb4 7.Bd3 O-O 8.Qc2 d6
9.Bg5 h6 10.Be3 Bd7 11.O-O-O Ng4 12.h3 Nxe3 13.fxe3 a6 14.g4 Nh4 15.Nxh4 Qxh4
16.Rdg1 Bxc3 17.Qxc3 c6 18.Kb1 c5 19.Rg2 b5 20.Qd2 bxc4 21.Bxc4 Rfb8 22.Qd3 a5
23.Ka1 a4 24.Qe2 Rb4 25.Qd3 Rab8 26.Qc3 Be8 27.Bd3 f6 28.Bc4 Bg6 29.Qd3 Kh7
30.Kb1 Rxc4 31.Qxc4 Rb4 32.Qf1 Bxe4+ 33.Ka1 Qg5 34.Rgh2 Bxh1 35.Rxh1 Qg6
36.a3 Rb6 37.Qc4 Qe8 38.Qe4+ Kh8 39.Qf5 Rb8 40.h4 Qc8 41.Qe4 Qd7 42.g5 f5
43.Qf3 c4 44.gxh6 g6 45.Rc1 Qb5 46.Qg2 Kh7 47.Rc2 Rb7 48.h5 Qe8 49.hxg6+ Qxg6
50.Qf3 e4 51.Qf4 Qf6 52.Ka2 Qe5 53.Qxe5 dxe5 54.Rxc4 Rd7 55.Rxa4 Rxd5 56.Rb4 Rd3
57.Rb3 f4 58.Rb7+ Kxh6 59.exf4 exf4 60.Rf7 Kg5 61.Kb1 e3 62.Kc2 e2 63.Kxd3 e1=Q
64.Rg7+ Kf6 65.Rb7 Qe3+  0-1

[Event "Chess City 10th Ann Open"]
[Site "Elista RUS"]
[Date "2008.09.21"]
[Round "7"]
[White "Chub,A"]
[Black "Borisov,S1"]
[Result "1/2-1/2"]
[WhiteElo "1772"]
[BlackElo "2163"]

1.d4 Nf6 2.c4 Nc6 3.g3 e5 4.d5 Bb4+ 5.Nd2 Ne7 6.a3 Bxd2+ 7.Bxd2 d6 8.Bg2 O-O
9.e4 Nd7 10.g4 Nc5 11.Be3 a5 12.b4 axb4 13.axb4 Nd3+ 14.Ke2 Rxa1 15.Qxa1 Nxb4
16.Qc3 c5 17.h3 b5 18.cxb5 Qa5 19.Nf3 Qxb5+ 20.Kd2 Ng6 21.Ra1 Bb7 22.Bf1 Qb6
23.Bc4 Ra8 24.Rxa8+ Bxa8 25.Bb3 Bb7 26.h4 Ba6 27.h5 Qb5 28.Bd1 Nf8 29.Ne1 Nd7
30.Nc2 Nxc2 31.Bxc2 Nb6 32.Bd3 Qa4 33.Bxa6 Qxa6 34.Qb3 h6 35.Ke1 Nd7 36.f3 Nb6
37.g5 hxg5 38.Bxg5 Qa1+ 39.Ke2 Qa6+ 40.Kf2 f6 41.Be3 Kh7 42.Kg3 Nd7 43.Kf2 Nb6  1/2-1/2

[Event "ch-Commonwealth"]
[Site "Nagpur IND"]
[Date "2008.09.28"]
[Round "1"]
[White "Sathya,Pri"]
[Black "Vidit,S"]
[Result "0-1"]
[WhiteElo "1883"]
[BlackElo "2356"]

1.d4 Nf6 2.c4 Nc6 3.Nc3 e5 4.d5 Ne7 5.e4 Ng6 6.Bd3 Bc5 7.Nf3 O-O 8.O-O d6
9.h3 a6 10.a3 Nh5 11.Ne2 h6 12.Qc2 Qf6 13.Nh2 Nh4 14.Ng4 Qg6 15.g3 Bxg4 16.hxg4 Qxg4
17.Kh2 Nf3+ 18.Kg2 Rae8 19.Nc3 Nf4+ 20.Bxf4 exf4 21.Rh1 Ne5 22.Qd1 Qg6 23.Rh4 Bxf2  0-1

[Event "ch-Commonwealth"]
[Site "Nagpur IND"]
[Date "2008.09.30"]
[Round "3"]
[White "Meenakshi,Sub"]
[Black "Gurpreet,S"]
[Result "1/2-1/2"]
[WhiteElo "2336"]
[BlackElo "2187"]

1.d4 Nf6 2.c4 Nc6 3.Nf3 e6 4.d5 exd5 5.cxd5 Bb4+ 6.Nc3 Ne7 7.e4 Nxe4 8.Qd4 Nxc3
9.bxc3 Ba5 10.Qxg7 Rg8 11.Qe5 d6 12.Qe3 c6 13.Bd2 Kd7 14.Bc4 Nf5 15.Qd3 Qe7+
16.Kf1 Kc7  1/2-1/2

[Event "TCh-AUT 2nd Bundesliga Ost 2008-9"]
[Site "Austria AUT"]
[Date "2008.10.05"]
[Round "3"]
[White "Galavics,H"]
[Black "Posch,W"]
[Result "0-1"]
[WhiteElo "2017"]
[BlackElo "2234"]

1.d4 Nf6 2.c4 Nc6 3.Nf3 e6 4.g3 Bb4+ 5.Bd2 Qe7 6.Bg2 Bxd2+ 7.Nbxd2 d6 8.O-O O-O
9.e4 e5 10.d5 Nb8 11.Ne1 Ng4 12.h3 Nh6 13.Nd3 f5 14.exf5 Nxf5 15.b4 Nd7 16.Ne4 a5
17.a3 b6 18.Re1 h6 19.c5 axb4 20.cxd6 cxd6 21.axb4 Rxa1 22.Qxa1 Bb7 23.Nc3 Ra8
24.Qb2 Qf7 25.Ra1 Qf8 26.Nb5 Nf6 27.Rxa8 Qxa8 28.Nc3 Nd4 29.f4 Qc8 30.fxe5 dxe5
31.Ne2 Qc4 32.Nxd4 Qxd3 33.Nc6 Qxg3 34.Qxe5 Qxe5 35.Nxe5 Bxd5 36.Bf1 Kf8
37.Kf2 Ke7 38.Ke3 Kd6 39.Kd4 Nh5 40.Ba6 Nf4 41.Bc8 Ne2+ 42.Ke3 Kxe5  0-1

[Event "ch-Commonwealth"]
[Site "Nagpur IND"]
[Date "2008.10.06"]
[Round "11"]
[White "Nihal,M"]
[Black "Gurpreet,S"]
[Result "0-1"]
[WhiteElo "1946"]
[BlackElo "2187"]

1.d4 Nf6 2.c4 Nc6 3.Nf3 e6 4.Nc3 Bb4 5.e3 O-O 6.Bd3 Bxc3+ 7.bxc3 d6 8.O-O e5
9.Qc2 Bg4 10.Nd2 Bh5 11.Ba3 Bg6 12.Bxg6 hxg6 13.Rab1 b6 14.Rfd1 Re8 15.Nf1 Qc8
16.Qa4 Na5 17.c5 d5 18.Nd2 Qd7 19.Qc2 b5 20.Bb4 Nc6 21.a4 a6 22.Ba3 e4 23.Bb4 Reb8
24.a5 Ne7 25.Nf1 c6 26.Qe2 g5 27.h3 g6 28.Nh2 Kg7 29.Kf1 Rh8 30.Ke1 Rh4 31.Kd2 g4
32.Nxg4 Nxg4 33.hxg4 Qxg4 34.Qxg4 Rxg4 35.g3 Rh8 36.Rh1 Rg5 37.Rxh8 Kxh8
38.Rh1+ Rh5 39.Rxh5+ gxh5 40.Ke2 Kg7 41.Kf1 Kg6 42.Kg2 Kg5 43.Kh3 Ng6 44.Kg2 Kg4
45.Ba3 h4 46.gxh4 Nxh4+ 47.Kf1 Kf3 48.Bc1 f5 49.Bd2 Ng2 50.Bc1 f4 51.exf4 Nxf4
52.Bxf4 Kxf4 53.Ke2 Kg4 54.Ke3 Kg5 55.Kd2 Kf4 56.Kd1 Kg4 57.Ke2 Kf4 58.Kf1 Kf3
59.Ke1 e3 60.Kf1 exf2 61.c4 b4  0-1

[Event "8th YM"]
[Site "Winterthur SUI"]
[Date "2008.10.11"]
[Round "9"]
[White "Schiendorfer,E"]
[Black "Lehmann,Mar"]
[Result "1/2-1/2"]
[WhiteElo "2240"]
[BlackElo "2301"]

1.d4 Nf6 2.c4 Nc6 3.Nf3 e6 4.g3 Bb4+ 5.Bd2 Qe7 6.Bg2 Bxd2+ 7.Nbxd2 d6 8.O-O O-O
9.Qc2 e5 10.d5 Nb8 11.b4 Bg4 12.e4 a5 13.bxa5 Rxa5 14.Nb3 Ra8 15.Ne1 c5 16.Nd3 Na6
17.Rfe1 Bd7 18.f4 Nb4 19.Nxb4 cxb4 20.Qd2 Ra4 21.c5 dxc5 22.d6 Qd8 23.Nxc5 Qb6
24.Qe3 Ra5 25.Nxd7 Qxe3+ 26.Rxe3 Nxd7 27.Rb3 Ra4 28.Rc1 Rd8 29.Bh3 Nf6 30.Rc4 h5
31.fxe5 Rxa2 32.Rcxb4 Ra1+ 33.Rb1 Rxb1+ 34.Rxb1 Nxe4 35.Rxb7 f6 36.Bg2 Nxd6
37.exd6 Rxd6 38.Rb2 Kh7 39.Bf3 Kh6 40.Kg2 g5 41.Be4 g4 42.h4 gxh3+ 43.Kxh3 Rd4
44.Bb1 Rd5 45.Rb8 f5 46.Rh8+ Kg6 47.Bc2 Rd2 48.Rg8+ Kh7 49.Rc8 Kg6 50.Ba4 Rf2
51.Bc2 Kf6 52.Rc6+ Ke7 53.Rc4 Kf6 54.Bd1 Rf1 55.Be2 Re1 56.Bf3 Kg5 57.Rh4 Re3
58.Kg2 Ra3 59.Rxh5+ Kg6 60.Rh4 Ra2+ 61.Kh3 Kg5 62.Rf4 Rf2  1/2-1/2

[Event "1st WMSG Blitz Team"]
[Site "Beijing CHN"]
[Date "2008.10.13"]
[Round "6"]
[White "Dao Thien Hai"]
[Black "Goh Weiming"]
[Result "1-0"]
[WhiteElo "2510"]
[BlackElo "2420"]

1.d4 Nf6 2.c4 Nc6 3.Nf3 e6 4.Nc3 Bb4 5.Bg5 h6 6.Bh4 g5 7.Bg3 Ne4 8.Rc1 b6
9.e3 Bb7 10.Bd3 Bxc3+ 11.bxc3 Nxg3 12.hxg3 d6 13.Rb1 Qf6 14.Qa4 O-O-O 15.Be4 Ne7
16.Bxb7+ Kxb7 17.Nd2 Nc6 18.c5 dxc5 19.Ne4 Qf5 20.Nxc5+ Kb8 21.e4  1-0

[Event "USCL 2008"]
[Site "ICC INT"]
[Date "2008.10.15"]
[Round "8"]
[White "Rohonyan,K"]
[Black "Adamson,R"]
[Result "1/2-1/2"]
[WhiteElo "2321"]
[BlackElo "2346"]

1.d4 Nf6 2.c4 Nc6 3.Nf3 e6 4.g3 Bb4+ 5.Bd2 Qe7 6.Bg2 Bxd2+ 7.Nbxd2 d6 8.h3 a5
9.O-O O-O 10.Qc2 Bd7 11.Nb1 e5 12.dxe5 Nxe5 13.Nxe5 Qxe5 14.Nc3 Qh5 15.Nd5 Nxd5
16.cxd5 Bxh3 17.Bxh3 Qxh3 18.Qxc7 f5 19.Rac1 Rf6 20.Qxb7 Raf8 21.Rc8 Rh6
22.Rxf8+ Kxf8 23.Qc8+ Ke7 24.Qc7+ Ke8 25.Qc8+ Kf7 26.Qd7+ Kf8 27.Qd8+ Kf7
28.Qd7+ Kf6 29.Qxd6+ Kf7 30.Qd7+ Kf8 31.Qd8+ Kf7 32.Qd7+  1/2-1/2

[Event "24th ECC"]
[Site "Kallithea GRE"]
[Date "2008.10.20"]
[Round "4"]
[White "Edvardsson,K"]
[Black "Hausrath,D"]
[Result "0-1"]
[WhiteElo "2245"]
[BlackElo "2493"]

1.d4 Nf6 2.c4 Nc6 3.Nf3 e6 4.a3 d6 5.Nc3 g6 6.e4 Bg7 7.Be2 O-O 8.h3 Re8 9.Bg5 h6
10.Be3 e5 11.d5 Nd4 12.Nxd4 exd4 13.Bxd4 Nxe4 14.Bxg7 Kxg7 15.Qd4+ Qf6 16.Qxf6+ Kxf6
17.Nxe4+ Rxe4 18.Kd2 Bf5 19.g4 Bd7 20.f3 Rf4 21.Ke3 g5 22.Bd3 Re8+ 23.Be4 Kg7
24.Rae1 f5 25.gxf5 Bxf5 26.Kd4 Rh4 27.b4 Bxh3 28.c5 Bg2 29.Rxh4 gxh4 30.Ke3 h3
31.Kf2 Kf6 32.Kg3 Rg8+ 33.Kh2 Kg5 34.Kg3 h5 35.cxd6 cxd6 36.Bd3 h4+ 37.Kh2 Bxf3
38.Kxh3 Kf4 39.Bc4 Rg3+ 40.Kh2 Rg2+ 41.Kh3 Rc2  0-1

[Event "12th Essent Open"]
[Site "Hoogeveen NED"]
[Date "2008.10.21"]
[Round "5"]
[White "Balje,J"]
[Black "Colijn,S"]
[Result "1-0"]
[WhiteElo "2193"]
[BlackElo "2118"]

1.d4 Nf6 2.c4 Nc6 3.Nf3 e6 4.g3 Bb4+ 5.Bd2 Qe7 6.Bg2 Ne4 7.a3 Bxd2+ 8.Nbxd2 f5
9.O-O d5 10.Qc2 O-O 11.b4 Qf6 12.e3 Rf7 13.b5 Nb8 14.Ne5 Re7 15.Nxe4 fxe4
16.f3 Qg5 17.fxe4 Qxe3+ 18.Qf2 Qxf2+ 19.Rxf2 dxc4 20.Raf1 Nd7 21.Nxc4 g6
22.Bh3 a6 23.b6 cxb6 24.Nd6 b5 25.d5 exd5 26.exd5 a5 27.Rc2 Re5 28.Nxc8  1-0

[Event "12th Essent Open"]
[Site "Hoogeveen NED"]
[Date "2008.10.22"]
[Round "6"]
[White "Clemens,A"]
[Black "Hovenga,A"]
[Result "0-1"]
[WhiteElo "2261"]
[BlackElo "2253"]

1.d4 Nf6 2.c4 Nc6 3.Nf3 e6 4.Nc3 Bb4 5.Qc2 d6 6.Bg5 O-O 7.e3 Re8 8.Be2 e5
9.dxe5 Nxe5 10.O-O-O Bxc3 11.Qxc3 Neg4 12.Qe1 h6 13.Bh4 Qe7 14.Rd4 b5 15.cxb5 a6
16.b6 c5 17.Rf4 Qe6 18.Bxf6 Nxf6 19.Qa5 Bb7 20.Nd2 Rec8 21.Kb1 Nd5 22.Bg4 Qg6+
23.Bf5 Qg5 24.h4 Qd8 25.Bxc8 Rxc8 26.Rg4 Qf6 27.e4 Qe6 28.f3 Ne3 29.Rg3 Qe5
30.Rhh3 d5 31.exd5 Nxd5 32.Ne4 Nb4 33.Rg4 h5 34.Rg5 Bxe4+ 35.Ka1 Qd4 36.Rh1 Qd3
37.a3 Nc2+ 38.Ka2 Bd5+ 39.Kb1 Nxa3+ 40.Ka1 Nc2+  0-1

[Event "WYCC Boys U14"]
[Site "Vung Tau City VIE"]
[Date "2008.10.27"]
[Round "8"]
[White "Pham Hoai Nam"]
[Black "Chua Xing Jian,G"]
[Result "1-0"]
[WhiteElo "1973"]
[BlackElo "2229"]

1.d4 Nf6 2.c4 Nc6 3.Nf3 e6 4.g3 Bb4+ 5.Bd2 Bxd2+ 6.Nbxd2 d6 7.Bg2 O-O 8.O-O e5
9.d5 Ne7 10.e4 a5 11.c5 Nd7 12.cxd6 cxd6 13.Rc1 b6 14.Nc4 Nc5 15.Re1 f6 16.b3 Bg4
17.h3 Bh5 18.g4 Be8 19.Nh4 g6 20.Re3 Nc8 21.Nf3 b5 22.Ncd2 b4 23.g5 Nb6 24.Qe2 Rc8
25.Nh2 fxg5 26.Bf1 Bd7 27.Rc2 Rf4 28.Rg3 h5 29.Qe3 Qf6 30.Be2 Kg7 31.Kf1 Rf8
32.Ke1 g4 33.hxg4 hxg4 34.Bxg4 Bb5 35.Rxc5 dxc5 36.Qxc5 Rxf2 37.Bf5 Rxf5
38.exf5 Qh4 39.Qf2 Qf6 40.Qg1 Be8 41.Ng4 Qd6 42.f6+ Rxf6 43.Ne4 Qc7 44.Ngxf6 Qc1+
45.Kf2 Qc2+ 46.Kf3  1-0

[Event "Open A"]
[Site "Le Touquet FRA"]
[Date "2008.10.29"]
[Round "6"]
[White "Benson,O"]
[Black "Hadet,E"]
[Result "0-1"]
[WhiteElo "1910"]
[BlackElo "2029"]

1.d4 Nf6 2.c4 Nc6 3.Nf3 e6 4.Bg5 Bb4+ 5.Nc3 h6 6.Bd2 O-O 7.e3 d6 8.Bd3 e5
9.Qc2 Re8 10.d5 Nb8 11.e4 c6 12.O-O Nbd7 13.a3 Bxc3 14.Bxc3 Nc5 15.b4 Nxd3
16.Qxd3 cxd5 17.cxd5 Nh5 18.Ne1 Nf4 19.Qe3 Qg5 20.Kh1 f5 21.g3 Ng6 22.f4 Qh5
23.Nd3 fxe4 24.Qxe4 Bf5 25.Qe3 Rac8 26.Rac1 exf4 27.Nxf4 Rxe3 28.Nxh5 Be4+
29.Kg1 Rexc3 30.Rfd1 Bf3  0-1

[Event "TCh-HUN 2008-9"]
[Site "Paks HUN"]
[Date "2008.11.02"]
[Round "2"]
[White "Balazs,G2"]
[Black "Szabo,Leo"]
[Result "1/2-1/2"]
[WhiteElo "2283"]
[BlackElo "2223"]

1.d4 Nf6 2.c4 Nc6 3.Nf3 e6 4.Nc3 Bb4 5.Qc2 Qe7 6.Bd2 d6 7.a3 Bxc3 8.Bxc3 e5
9.d5 Nb8 10.g3 O-O 11.Bg2 Bg4 12.Nh4 Qd7 13.O-O Nh5 14.f3  1/2-1/2

[Event "38th Olympiad"]
[Site "Dresden GER"]
[Date "2008.11.13"]
[Round "1"]
[White "Ahmed,Has"]
[Black "Lebel,P"]
[Result "1-0"]
[WhiteElo "2253"]
[BlackElo "2187"]

1.d4 Nf6 2.c4 Nc6 3.Nf3 e6 4.Nc3 Bb4 5.Qc2 O-O 6.Bg5 h6 7.Bh4 d6 8.e3 e5
9.d5 Nb8 10.O-O-O Bxc3 11.Qxc3 Bf5 12.Qa3 Nbd7 13.Nd2 a5 14.e4 Bh7 15.f3 Nc5
16.Nb3 b6 17.Nd2 Rc8 18.Nb1 c6 19.dxc6 Rxc6 20.Nc3 g5 21.Bf2 Ne8 22.g4 Nc7
23.h4 Kg7 24.hxg5 hxg5 25.Be3 f6 26.Kb1 N7e6 27.Ka1 Nf4 28.Nb5 Qe7 29.Qc3 Bg6
30.Qd2 Rd8 31.Qh2 Kf7 32.Rd2 Ke6 33.Qh6 Kf7 34.Nc3 Qf8 35.Qh2 Rcc8 36.Qg3 Ke7
37.Qe1 Kd7 38.Rdh2 Kc6 39.Rh6 Qg7 40.Bxf4 exf4 41.Nd5 Re8 42.Qc3 Re5 43.Rxg6 Qxg6
44.Qxe5 dxe5 45.Ne7+ Kd6 46.Nxg6 Rg8 47.Nh8 Ke6 48.Kb1 Rg7 49.b3 Ke7 50.Rh6 Ne6
51.c5 bxc5 52.Ng6+ Kd6 53.Bc4 Nd4 54.Nf8 Ke7 55.Nh7 Nxf3 56.Nxf6 Nd2+ 57.Kc2  1-0

[Event "38th Olympiad"]
[Site "Dresden GER"]
[Date "2008.11.15"]
[Round "3"]
[White "Alvarez Marquez,J"]
[Black "Mannhart,M"]
[Result "1-0"]
[WhiteElo "2430"]
[BlackElo "2154"]

1.d4 Nf6 2.c4 Nc6 3.Nc3 e5 4.d5 Ne7 5.Qc2 Ng6 6.h4 Bb4 7.h5 Ne7 8.h6 g6 9.Nf3 Bxc3+
10.Qxc3 d6 11.Ng5 Neg8 12.e4 Qe7 13.Be2 Nd7 14.Be3 Ngf6 15.O-O-O b6 16.g3 Nc5
17.Bxc5 bxc5 18.f4 Nd7 19.Kb1 Nf8 20.Rdf1 f6 21.fxe5 dxe5 22.Nh3 Rg8 23.Nf2 Qd6
24.Bd1 Ke7 25.Nd3 Ba6 26.Ba4 Rb8 27.b3 g5 28.Ka1 Bc8 29.Qa5 Bg4 30.Rf2 Rg6
31.Qxc5 Qxc5 32.Nxc5 Bc8 33.Kb2 Bg4 34.Kc3 a5 35.Bc6 Bd7 36.Bxd7 Nxd7 37.Ne6 Kd6
38.g4 Rb6 39.a3 Rg8 40.b4 axb4+ 41.axb4 Ra6 42.c5+ Ke7 43.Nxc7 Ra3+ 44.Kc4 Re3
45.d6+ Kf7 46.Kd5 Nb8 47.Rd2 Rc3 48.Ra1 Nd7 49.Ra7 Rc8 50.Ne6 Ke8 51.Ng7+ Kd8
52.Ke6  1-0

[Event "38th Olympiad"]
[Site "Dresden GER"]
[Date "2008.11.19"]
[Round "6"]
[White "Prasad,C FIJ"]
[Black "Mansour,Sam"]
[Result "0-1"]
[WhiteElo "1888"]
[BlackElo "2285"]

1.d4 Nf6 2.c4 Nc6 3.Nf3 e6 4.Nc3 Bb4 5.a3 Bxc3+ 6.bxc3 d6 7.e3 e5 8.Qc2 O-O
9.d5 Nb8 10.e4 Na6 11.Be3 Ng4 12.Bg5 f6 13.Bh4 Nc5 14.Nd2 Bd7 15.h3 Nh6 16.f3 Qe8
17.Bf2 Nf7 18.h4 b6 19.Be2 Nd8 20.h5 Ndb7 21.g4 Rc8 22.Rb1 c6 23.Be3 cxd5
24.exd5 f5 25.h6 g6 26.Bg5 fxg4 27.fxg4 e4 28.Nf1 Nd3+ 29.Kd2 Rf2 30.Bh4 Rxe2+
31.Kxe2 Bxg4+ 32.Ke3 Qf7 33.Nh2 Qf4+ 34.Kd4 e3+  0-1

[Event "38th Olympiad"]
[Site "Dresden GER"]
[Date "2008.11.19"]
[Round "6"]
[White "Constantinou,Pa"]
[Black "Goh Weiming"]
[Result "0-1"]
[WhiteElo "2093"]
[BlackElo "2420"]

1.d4 Nf6 2.c4 Nc6 3.Nf3 e6 4.Nc3 Bb4 5.Qc2 d6 6.Bd2 O-O 7.a3 Bxc3 8.Bxc3 Qe7
9.e3 e5 10.d5 Nb8 11.e4 Nh5 12.Bd2 f5 13.Bd3 Nd7 14.b4 Ndf6 15.O-O fxe4 16.Bxe4 Nxe4
17.Qxe4 Nf6 18.Qh4 Bg4 19.Ng5 Bf5 20.g4 Nxg4 21.f3 Nf6 22.Ne4 h6 23.Nxf6+ Rxf6
24.Kf2 Bd3 25.Qg4 Raf8 26.Rg1 Rxf3+ 27.Qxf3 Qh4+  0-1